| 000 | 00558nam a2200205Ia 4500 | ||
|---|---|---|---|
| 005 | 20260429112215.0 | ||
| 008 | 260429s9999||||xx |||||||||||||| ||und|| | ||
| 020 | _a9789357510745 | ||
| 041 | _aEnglish | ||
| 082 |
_a796.0157143 _bSIN |
||
| 100 | _aSingh, Roshan | ||
| 245 | 0 |
_aBiomechanical evaluation of movement in sport and exercise / _cRoshan Singh |
|
| 250 | _a1st ed. | ||
| 260 |
_aNew Delhi : _bRandom Publications, _c2024. |
||
| 300 | _aix, 240 p.; hb | ||
| 650 | _a Biomechanics | ||
| 650 | _a Exercises | ||
| 650 | _aSports | ||
| 942 | _cTB | ||
| 999 |
_c52897 _d52897 |
||